| 000 | 00466nam a2200157 4500 | ||
|---|---|---|---|
| 001 | 111303 | ||
| 003 | ES-MaACL | ||
| 005 | 20230906185259.0 | ||
| 007 | t| | ||
| 008 | 061121s1934 sp r ||||1| spa d | ||
| 100 | 1 |
_aNegro Vázquez, Emilio. _985317 |
|
| 245 | 1 | 0 |
_aConsideraciones sobre facies leprosas / _cpor Emilio Negro Vázquez. |
| 260 |
_aGranada : _b[s. n.], _c1934 ( _fImp. Ed. Urania) |
||
| 300 |
_a20 p. : _bil. ; _c19 cm. |
||
| 852 |
_aES-MaACL _j1790-F-8 |
||
| 999 |
_c111303 _d111303 |
||